| 000 | 00393nam a2200145Ia 4500 | ||
|---|---|---|---|
| 005 | 20250729165733.0 | ||
| 008 | 250729s2013 xx 000 0 und d | ||
| 041 | _aeng | ||
| 082 | _a420.75 FELE | ||
| 100 |
_aFelicity O Dell _9231761 |
||
| 245 | _aEnglish Collocations in Advanced Use | ||
| 260 |
_aBangalore _bCambridge University Press _c2013 |
||
| 300 | _a188p | ||
| 650 |
_aEnglish _9231762 |
||
| 999 |
_c239443 _d239443 |
||